00326nam a2200121Ia 4500008004100000041000800041082001800049100002200067245003600089260004100125300003100166365000700197240624s9999 xx 000 0 und d aeng a338.90952 PON aPONKSHE SATYAWRAT aSUCCESS SECRETS OF MODERN JAPAN c1996aMumbaibJaico Publishing House axix, : 247 : p. : cm. ; 24 cRS